000 01805cam a2200385Ia 4500
001 10521169
005 20220326193305.0
008 130321s2011 cr b 000 0 spa d
020 _a9968474614
020 _a9789968474610
035 _a(OCoLC)ocn830634804
035 _a(OCoLC)830634804
_z(OCoLC)829991632
035 _a(NNC)10521169
040 _aAUM
_beng
_cAUM
_dIXA
_dSTF
_dOCLCO
082 _a190
_bZ841o
090 _aPQ7539.2.D3
_bZ83 2011
100 _aMario Zúñiga Núñez, Camilo Retana, Roberto Herrera ; editor, Camilo Retana.
_91706
110 _a Editorial Arlekin
_91707
245 0 0 _aOtros que levantan la mano :
_btres ensayos sobre Roque Dalton /
_cMario Zúñiga Núñez, Camilo Retana, Roberto Herrera ; editor, Camilo Retana.
250 _a1. ed.
260 _aSan José, Costa Rica :
_bEditorial Arlekín,
_c2011.
300 _a86 p. ;
_c21 cm.
490 1 _aColección auténticos apócrifos
504 _aIncludes bibliographical references.
505 0 _a"Pensar a solas duele" -- Para reír de humanidad (acerca de las instituciones en cuatro escritos de Roque Dalton / Mario Zúñiga Núñez -- El Carlos Marx de Roque Dalton (o sobre el Marx responsable "de la felicidad que sigue caminando" / Camilo Retana -- La herida colonial y la cultura revolucionaria: leer a Roque Dalton / Roberto Herrera -- Sobre los autores.
600 1 0 _aDalton, Roque,
_d1935-1975
_xCriticism and interpretation.
_91708
600 1 0 _aMarx, Karl,
_d1818-1883.
_91709
653 _aAuthors
_aEl Salvador
_a20th century
_aCriticism
_aInterpretation
700 1 _aZúñiga Núñez, Mario,
_d1979-
_91710
700 1 _aRetana, Camilo.
_91711
700 1 _aHerrera, Roberto.
_91712
830 0 _aColección auténticos apócrifos.
_91713
948 1 _a20131029
_bc
_cdc21
_dMPS
999 _c360
_d360